Architectural features (Record no. 9632)

MARC details
000 -LEADER
fixed length control field 01042cab a2200217 4500
001 - CONTROL NUMBER
control field ABS39164
008 - FIXED-LENGTH DATA ELEMENTS--GENERAL INFORMATION
fixed length control field 090401t1988 xxu||||| |||| 00| 0 eng d
035 ## - SYSTEM CONTROL NUMBER
System control number (Sirsi) u14760
041 ## - LANGUAGE CODE
Language code of text/sound track or separate title eng
245 ## - TITLE STATEMENT
Title Architectural features
260 ## - PUBLICATION, DISTRIBUTION, ETC.
Date of publication, distribution, etc. 1988
350 ## - PRICE (NR) (BK AM CF MU VM SE) [OBSOLETE]
Price 0
490 ## - SERIES STATEMENT
Series statement Building
Volume/sequential designation 253(7548) 20 May 1988, 52-70(10)
520 ## - SUMMARY, ETC.
Summary, etc. 1. Maverick with a message. J.Stokdyk. A look at building details or architectural embellishments as applied to the new Shakespeare`s Globe Theatre in London. 52-53(2) 2. Embellishing the facts. M.Spring. Architects and designers are falling over each other to find new techniques of embellishing buildings and rediscovering old ones. 56-57(2) 3. Stone-faced layer. G.Ridout. There is a new-found demand for cladding . 62-63(2) 4. Products. Terracotta, floor tiles, wood surrounds, conservatories, spiral stairways. 64-70(3).
650 ## - SUBJECT ADDED ENTRY--TOPICAL TERM
Topical term or geographic name entry element ARCHITECTURE
650 ## - SUBJECT ADDED ENTRY--TOPICAL TERM
Topical term or geographic name entry element CONSERVATORIES
650 ## - SUBJECT ADDED ENTRY--TOPICAL TERM
Topical term or geographic name entry element DETAILING
690 ## - LOCAL SUBJECT ADDED ENTRY--TOPICAL TERM (OCLC, RLIN)
Topical term or geographic name as entry element BUILT ENVIRONMENT-CONSTRUCTION DESIGN
942 ## - ADDED ENTRY ELEMENTS (KOHA)
Suppress in OPAC 0
948 ## - LOCAL PROCESSING INFORMATION (OCLC); SERIES PART DESIGNATOR (RLIN)
c (OCLC) 04/03/1997
Holdings
Withdrawn status Lost status Source of classification or shelving scheme Damaged status Not for loan Home library Current library Shelving location Date acquired Total Checkouts Full call number Barcode Date last seen Copy number Price effective from Koha item type
    Dewey Decimal Classification     London London Journal article 14/09/1999   ABS39164 14760-1001 06/08/2019 1 06/08/2019 Journal article